| 000 | 00341nam a22001457a 4500 | ||
|---|---|---|---|
| 003 | SGT | ||
| 020 | _a9789332584747 | ||
| 082 | _a620.1054,HIB | ||
| 100 | _aHIBBELER,R.C. | ||
| 245 | _aENGINEERING MECHANICS STATICS & DYNAMICS | ||
| 260 |
_aINDIA _bPEARSON _c2022 |
||
| 300 | _a1301 | ||
| 650 | _aMECHANICAL ENGINEERING | ||
| 942 |
_2ddc _cBK |
||
| 999 |
_c24990 _d24990 |
||